|
|
|
|
| LEADER |
00633cam a2200193 7i4500 |
| 001 |
0000038975 |
| 005 |
20110429090000.0 |
| 020 |
|
|
|a 9782940361977 (hbk.)
|
| 020 |
|
|
|a 2940361975 (hbk.)
|
| 090 |
0 |
0 |
|a TS195.4
|b .D47 2008
|
| 100 |
1 |
|
|a Denison, Edward
|
| 245 |
1 |
4 |
|a Print and production finishes for packaging / Edward Denison.
|
| 260 |
|
|
|a Mies, Switzerland:
|b RotoVision,
|c 2008.
|
| 300 |
|
|
|a 188 p.:
|b col. ill.;
|c 27 cm.
|
| 504 |
|
|
|a Includes bibliographical references and index
|
| 650 |
0 |
0 |
|a Packaging --
|x Design
|
| 650 |
0 |
0 |
|a Commercial art
|
| 650 |
0 |
0 |
|a Graphic arts
|
| 999 |
|
|
|a 0000047035
|b BOK
|c OPEN SHELF
|e 1st Floor, Bestari Jaya
|